• 首页
  • 本馆介绍
  • 公告通知
  • 最新文献
  • 馆藏检索
  • 电子资源
  • 读者导购
  • 参考咨询
  • 我的图书馆
  • 登录
  • 详细信息显示
  • 放入我的书架
  • 预约/预借图书
  • 作者相关作品
  • 分类相关作品
  • 丛书相关作品
  • 出版社相关作品

书目信息

  • 表格格式
  • 工作单格式
  • 卡片格式
题名:
从俾斯麦到希特勒
    
 
作者: 哈夫纳 著 ;周全 译
分册:  
出版信息: 南京   译林出版社  2016
页数: 252页
开本: 21cm
丛书名:
单 册:
中图分类: K516.42
科图分类:
主题词: 德意志帝国--de yi zhi di guo--历史
电子资源:
ISBN: 978-7-5447-5876-5
000 00984nam0 22002651 450
001 0124140115
005 20170324140115.0
010    @a978-7-5447-5876-5@b精装@dCNY42.00
100    @a20160303d2016 em y0chiy50 ea
101 1  @achi@cger
102    @aCN@b320000
105    @ay z 000yy
106    @ar
200 1  @a从俾斯麦到希特勒@9cong bi si mai dao xi te le@dVon Bismarck zu Hitler@f(德)塞巴斯蒂安·哈夫纳著@g周全译@zger
210    @a南京@c译林出版社@d2016
215    @a252页@d21cm
305    @a由台湾远足文化事业股份有限公司/左岸文化授权出版
330    @a本书回顾了从普鲁士王国的“铁血宰相”俾斯麦如何创建德意志帝国,直到希特勒的第三帝国将日耳曼民族的国家带往毁灭之路的历史。
510 1  @aBismarck zu Hitler@zger
606 0  @a德意志帝国@9de yi zhi di guo@x历史
690    @aK516.42@v5
701  0 @c(德)@a哈夫纳@9ha fu na@c(Haffner, Sebastian@f1907-1999)@4著
702  0 @a周全@9zhou quan@4译
801  0 @aCN@bTANGWEI@c20170308
905    @b0961517-9@dK516.42@e35@f3
    
    从俾斯麦到希特勒=Von Bismarck zu Hitler/(德)塞巴斯蒂安·哈夫纳著/周全译.-南京:译林出版社,2016
    252页;21cm
    
    
    ISBN 978-7-5447-5876-5(精装):CNY42.00
    本书回顾了从普鲁士王国的“铁血宰相”俾斯麦如何创建德意志帝国,直到希特勒的第三帝国将日耳曼民族的国家带往毁灭之路的历史。
●
相关链接 在E读中查询图书 在五车中查询图书 在当当中查询图书 在豆瓣中查询图书


正题名:从俾斯麦到希特勒     索取号:K516.42/35         预约/预借

序号 登录号 条形码 馆藏地/架位号 状态 备注
1 0961517   209615175   第二样本阅览室/ [索取号:K516.42/35] 在馆    
2 0961518   209615184   第二借阅区/ [索取号:K516.42/35] 在馆    
3 0961519   209615193   第二借阅区/ [索取号:K516.42/35] 在馆    
唐山师范学院图书馆 欢迎您!
大连网信软件有限公司© 版权所有